000 00478nam a22001457a 4500
008 151118b xxu||||| |||| 00| 0 eng d
020 _a9781439808870
082 _222
_a621.483
_bTOD-N 2012
100 _aNeil E. Todreas, Mujid S. Kazimi
245 _aNuclear systems
_c Neil E. Todreas
260 _aLondon
_bCRC press taylor & francis gruop
_c2012
300 _axx, p.1004
_bill.
_c23 cm.
650 _aNuclear power plants, Nuclear reactors--Fluid dynamics
942 _2ddc
_cBK
999 _c355668
_d355668